[Event "43rd North Shore Open"]
[Site "Auckland NZL"]
[Date "2016.08.20"]
[Round "2.1"]
[White "Ang, Alphaeus Wei Ern"]
[Black "Hague, Ben"]
[Result "0-1"]
[WhiteElo "2210"]
[BlackElo "2480"]
[PlyCount "102"]
[EventDate "2016.08.20"]

1. d4 Nf6 2. c4 e6 3. Nc3 Bb4 4. f3 O-O 5. a3 Bxc3+ 6. bxc3 Ne8 7. e3 Nc6 8.
Bd3 b6 9. Ne2 Ba6 10. O-O Na5 11. c5 Bxd3 12. Qxd3 bxc5 13. dxc5 Nb3 14. Rb1
Nxc5 15. Qc4 d6 16. Nd4 Nf6 17. e4 Nfd7 18. Be3 Qe8 19. Nb5 Qc8 20. Rfd1 a6 21.
Nd4 Rb8 22. Nc6 Rxb1 23. Rxb1 Qa8 24. Na5 Rb8 25. Rxb8+ Qxb8 26. Bxc5 Qb1+ 27.
Kf2 Nxc5 28. Nc6 Qb6 29. Nd4 e5 30. Qd5 Ne6 31. Qa8+ Nf8 32. h4 exd4 33. cxd4
Qxd4+ 34. Kg3 Qe5+ 35. f4 Qc3+ 36. Kh2 Qxa3 37. h5 h6 38. e5 dxe5 39. fxe5 Qc5
40. Qe8 a5 41. Kh1 Qc4 42. Kg1 a4 43. Kf2 a3 44. Qa8 a2 45. Kg3 Qc3+ 46. Kg4
a1=Q 47. Qe8 Qd1+ 48. Kf5 Qxh5+ 49. Kf4 Qg5+ 50. Ke4 Qxg2+ 51. Kf5 Qcf3# 0-1

[Event "43rd North Shore Open"]
[Site "Auckland NZL"]
[Date "2016.08.20"]
[Round "2.2"]
[White "Browne, Jeremy A"]
[Black "McLaren, Leonard J"]
[Result "0-1"]
[WhiteElo "2136"]
[BlackElo "2340"]
[PlyCount "76"]
[EventDate "2016.08.20"]

1. e4 c5 2. Nf3 d6 3. d4 cxd4 4. Nxd4 Nf6 5. Nc3 e6 6. Bg5 Be7 7. f4 h6 8. Bb5+
Bd7 9. Bxf6 Bxf6 10. Qd3 Nc6 11. Bxc6 bxc6 12. f5 O-O 13. fxe6 fxe6 14. O-O-O
Rb8 15. Nb3 Be5 16. Rdf1 Qg5+ 17. Kb1 Qxg2 18. h4 Rxf1+ 19. Rxf1 Rf8 20. Rxf8+
Kxf8 21. Ne2 Qh1+ 22. Nbc1 Qxh4 23. Qf3+ Qf6 24. Qa3 Qf2 25. c3 h5 26. Qb3 h4
27. Qb8+ Ke7 28. Qh8 g5 29. Qh6 Qf6 30. Qh7+ Qg7 31. Qh5 Be8 32. Qg4 Qh6 33.
Nd3 Bh5 34. Qg2 Bxe2 35. Qxe2 h3 36. Qf3 h2 37. Qh1 Qh3 38. Nxe5 dxe5 0-1

[Event "43rd North Shore Open"]
[Site "Auckland NZL"]
[Date "2016.08.20"]
[Round "2.3"]
[White "Gong, Daniel Hanwen"]
[Black "Polishchuk, Kirill"]
[Result "0-1"]
[WhiteElo "2264"]
[BlackElo "2231"]
[PlyCount "64"]
[EventDate "2016.08.20"]

1. e4 c5 2. Nf3 Nc6 3. Nc3 e5 4. Bc4 d6 5. d3 Be7 6. O-O Nf6 7. Ng5 O-O 8. f4
Na5 9. Bd5 exf4 10. Nf3 g5 11. a3 h6 12. Ba2 Nc6 13. h4 Bg4 14. Ne2 Bxf3 15.
Rxf3 Ne5 16. Rf1 Qb6 17. hxg5 hxg5 18. g3 f3 19. Nc3 g4 20. Bh6 Rfe8 21. Qd2
Ng6 22. Kf2 d5 23. Nxd5 Nxd5 24. Bxd5 Bf6 25. c3 Rad8 26. Be3 Rxd5 27. exd5
Rxe3 28. Rae1 Rxd3 29. Qxd3 c4+ 30. Qe3 Qxb2+ 31. Re2 fxe2 32. Rc1 Ne5 0-1

[Event "43rd North Shore Open"]
[Site "Auckland NZL"]
[Date "2016.08.20"]
[Round "2.4"]
[White "Duneas, John"]
[Black "Fan, Allen Chi Zhou"]
[Result "0-1"]
[WhiteElo "2205"]
[BlackElo "2053"]
[PlyCount "160"]
[EventDate "2016.08.20"]

1. e4 Nf6 2. e5 Nd5 3. d4 d6 4. c4 Nb6 5. exd6 exd6 6. Nc3 Nc6 7. Be3 Be7 8.
Nf3 Bg4 9. h3 Bh5 10. b3 Bf6 11. g4 Bg6 12. Bd3 Qd7 13. Ne4 O-O-O 14. Nxf6 gxf6
15. Nh4 Bxd3 16. Qxd3 h5 17. f3 hxg4 18. hxg4 f5 19. Qxf5 Qxf5 20. gxf5 Rh5 21.
Bf2 Rdh8 22. Rg1 Nxd4 23. Bxd4 Re8+ 24. Kf2 Rxh4 25. Bf6 Rh2+ 26. Rg2 Rxg2+ 27.
Kxg2 Nd7 28. Bd4 Rg8+ 29. Kf2 Rg5 30. Re1 c5 31. Bc3 Rxf5 32. Re8+ Kc7 33. Ra8
a6 34. Ba5+ b6 35. Bc3 a5 36. Re8 Rh5 37. Kg3 f6 38. Re7 Kc6 39. Re6 Rg5+ 40.
Kf2 Rf5 41. Kg3 Ne5 42. Bxe5 fxe5 43. Rh6 Rf4 44. Rh7 Rd4 45. Rh2 a4 46. Rb2 a3
47. Rh2 Rd1 48. Kg4 Rb1 49. Kf5 Rb2 50. Rh8 Rxa2 51. Ra8 Ra1 52. Ke6 a2 53. Ra7
e4 54. fxe4 Re1 55. Rxa2 Rxe4+ 56. Kf5 Re3 57. Ra3 d5 58. Kf4 d4 59. Kf5 d3 60.
Ra2 Re2 61. Ra1 Rb2 62. Ke4 Rxb3 63. Ke3 Rc3 64. Ra4 Kd6 65. Ra6 Rb3 66. Ra8
Kc6 67. Rc8+ Kb7 68. Rf8 Rc3 69. Rf4 Ka6 70. Kd2 Rb3 71. Rf7 Ka5 72. Rb7 Kb4
73. Rxb6+ Kxc4 74. Rh6 Rb2+ 75. Kc1 Kc3 76. Rd6 Rf2 77. Kb1 d2 78. Rd5 Rf1+ 79.
Ka2 d1=Q 80. Rxc5+ Kb4 0-1

[Event "43rd North Shore Open"]
[Site "Auckland NZL"]
[Date "2016.08.20"]
[Round "2.5"]
[White "Goodhue, Nathan"]
[Black "Morrell, Gordon"]
[Result "0-1"]
[WhiteElo "2036"]
[BlackElo "2161"]
[PlyCount "70"]
[EventDate "2016.08.20"]

1. c4 Nf6 2. Nc3 e5 3. g3 Bb4 4. Bg2 O-O 5. e4 Re8 6. Nge2 c6 7. O-O Na6 8. a3
Bf8 9. b4 d6 10. d4 exd4 11. Nxd4 c5 12. bxc5 Nxc5 13. f3 a6 14. Be3 Nfd7 15.
Nd5 g6 16. Qc2 Bg7 17. Bf2 Ne5 18. Rfd1 Bd7 19. a4 b6 20. Ra3 Rc8 21. Rb1 Nxe4
22. fxe4 Rxc4 23. Qd1 Ng4 24. Ne2 b5 25. Bb6 Qg5 26. h3 Ne5 27. Be3 Qd8 28. Nb6
Rc6 29. Nxd7 Qxd7 30. axb5 axb5 31. Rab3 Nc4 32. Bd4 Bh6 33. Nf4 Bxf4 34. gxf4
Ra6 35. Ra1 Ra4 {(time)} 0-1

[Event "43rd North Shore Open"]
[Site "Auckland NZL"]
[Date "2016.08.20"]
[Round "2.6"]
[White "Picken, Oliver"]
[Black "Capel, Evan T"]
[Result "0-1"]
[WhiteElo "1751"]
[BlackElo "2411"]
[PlyCount "86"]
[EventDate "2016.08.20"]

1. e4 d5 2. exd5 Qxd5 3. Nc3 Qa5 4. Nf3 Nf6 5. d3 Bg4 6. Bd2 Nc6 7. Be2 h6 8.
O-O e6 9. Re1 Be7 10. a3 Qc5 11. Be3 Qd6 12. Qd2 g5 13. Rad1 a6 14. b4 Nd5 15.
Nxd5 exd5 16. Bc5 Qf6 17. Bxe7 Nxe7 18. Ne5 Bf5 19. Bg4 O-O-O 20. Qe3 h5 21.
Bxf5+ Nxf5 22. Qa7 c6 23. a4 Rhe8 24. d4 Nd6 25. Re3 Kc7 26. Rf3 Qe6 27. Re3
Ra8 28. Qc5 Ne4 29. Rxe4 dxe4 30. d5 Qxe5 31. d6+ Kd7 32. Qb6 Ke6 33. Qxb7 Kf6
34. d7 Red8 35. Qxc6+ Kg7 36. h3 Ra7 37. Qc8 Qe7 38. b5 axb5 39. axb5 Raxd7 40.
Rxd7 Qxd7 41. Qxd7 Rxd7 42. c4 Rd1+ 43. Kh2 Rc1 0-1

[Event "43rd North Shore Open"]
[Site "Auckland NZL"]
[Date "2016.08.20"]
[Round "2.7"]
[White "Krstev, Antonio"]
[Black "Riding, Christopher L"]
[Result "0-1"]
[WhiteElo "2086"]
[BlackElo "1844"]
[PlyCount "62"]
[EventDate "2016.08.20"]

1. d4 d5 2. c4 Nc6 3. cxd5 Qxd5 4. Nf3 e5 5. Nc3 Bb4 6. a3 Bxc3+ 7. bxc3 Nf6 8.
e3 O-O 9. c4 Qd6 10. d5 Ne7 11. a4 Ne4 12. Bd3 Nc5 13. Ba3 Nxd3+ 14. Qxd3 Qf6
15. Qc3 Re8 16. Bb2 Ng6 17. O-O Bg4 18. e4 Nf4 19. Nxe5 Ne2+ 20. Kh1 Nxc3 21.
Nxg4 Qg6 22. Bxc3 Qxg4 23. f3 Qg6 24. Rfe1 h5 25. Re3 Rad8 26. Rae1 Qa6 27. c5
Qxa4 28. Ba1 Rxd5 29. h4 Rd1 30. Bc3 Rxe1+ 31. Rxe1 f5 0-1

[Event "43rd North Shore Open"]
[Site "Auckland NZL"]
[Date "2016.08.20"]
[Round "2.8"]
[White "Johns, Daniel P"]
[Black "Ha, Huy Minh (Timothy)"]
[Result "1-0"]
[WhiteElo "1979"]
[BlackElo "1746"]
[PlyCount "93"]
[EventDate "2016.08.20"]

1. e4 e6 2. d4 d5 3. Nd2 c5 4. exd5 Qxd5 5. Ngf3 Nc6 6. Bc4 Qd8 7. Nb3 cxd4 8.
O-O Be7 9. Nbxd4 Nxd4 10. Qxd4 Qxd4 11. Nxd4 a6 12. c3 Nf6 13. Re1 O-O 14. Nf5
Bc5 15. Be3 Bxe3 16. Nxe3 b5 17. Be2 Bb7 18. a4 Bc6 19. axb5 axb5 20. Nc2 e5
21. f4 exf4 22. Nd4 Bd7 23. Bxb5 Rxa1 24. Rxa1 Bxb5 25. Nxb5 Rb8 26. Nc7 Kf8
27. Ra8 Rxa8 28. Nxa8 Nd7 29. Nc7 g5 30. Nd5 Ke8 31. Kf2 h5 32. h3 Kd8 33. Kf3
Kc8 34. Ke4 Kb7 35. Kf5 f6 36. h4 Kc6 37. Nb4+ Kd6 38. hxg5 fxg5 39. Kxg5 f3
40. gxf3 Ne5 41. f4 Nc4 42. Nd3 Ke7 43. Kxh5 Kf7 44. Kg4 Nd6 45. b3 Kg6 46. c4
Ne4 47. c5 1-0

[Event "43rd North Shore Open"]
[Site "Auckland NZL"]
[Date "2016.08.20"]
[Round "2.9"]
[White "Zhang, Jasmine Haomo"]
[Black "Hair, Philip I"]
[Result "1-0"]
[WhiteElo "1940"]
[BlackElo "1942"]
[PlyCount "115"]
[EventDate "2016.08.20"]

1. d4 Nf6 2. Bf4 d6 3. Nf3 c6 4. c3 Bg4 5. Nbd2 Nbd7 6. Qc2 Qc7 7. e3 e5 8. Bg3
Be7 9. Bd3 h6 10. h3 Be6 11. a3 Nh5 12. Bh2 g6 13. dxe5 Nxe5 14. Nxe5 dxe5 15.
Nc4 Bf6 16. Nd2 O-O-O 17. O-O-O Ng7 18. Nf3 Nf5 19. g4 Ne7 20. Nd4 Bd5 21. e4
Ba2 22. b4 Qd7 23. Nf3 Qe6 24. c4 Rxd3 25. Qxd3 Bxc4 26. Qd6 Be2 27. Qxe6+ fxe6
28. Nxe5 Bxd1 29. Rxd1 Rd8 30. Rxd8+ Kxd8 31. Nf7+ Kd7 32. Kc2 h5 33. Nd6 Bd4
34. Nxb7 Bxf2 35. Nd6 hxg4 36. hxg4 a6 37. Nf7 Be3 38. Ne5+ Kc8 39. Nc4 Bf2 40.
Bd6 Bh4 41. Bxe7 Bxe7 42. Ne5 Kc7 43. Nxg6 Bg5 44. Ne5 Bf6 45. Nd3 Kb6 46. Nc5
Kb5 47. Nxe6 Ka4 48. g5 Be5 49. Nc5+ Kxa3 50. Nxa6 Ka4 51. Nc5+ Kb5 52. Kb3 Bh8
53. g6 Bg7 54. Ne6 Be5 55. g7 Bxg7 56. Nxg7 c5 57. bxc5 Kxc5 58. Kc3 1-0